[Event "16th Marienbad GMA2 2017"]
[Site "Marianske Lazne CZE"]
[Date "2017.01.24"]
[Round "5.3"]
[White "Kazakovskiy,Valeriy"]
[Black "Havelka,Josef"]
[Result "1-0"]
[WhiteElo "2430"]
[BlackElo "2330"]

1.d4 Nf6 2.Nf3 e6 3.c4 c5 4.d5 exd5 5.cxd5 d6 6.Nc3 g6 7.Bf4 a6 8.e4 b5 9.Be2 Bg7
10.e5 dxe5 11.Nxe5 b4 12.Na4 Nxd5 13.Bg3 O-O 14.O-O Bxe5 15.Bxe5 Nc6 16.Bg3 Nd4
17.Nxc5 Nxe2+ 18.Qxe2 Qb6 19.Rac1 Bf5 20.Rfd1 Rfd8 21.Qf3 Nc3 22.bxc3 Qxc5
23.Bd6 Qc4 24.cxb4 Qe6 25.h3 Rac8 26.Rxc8 Rxc8 27.a3 Be4 28.Qe2 Bc2 29.Qxe6 fxe6
30.Re1 Kf7 31.Re3 Rd8 32.Rc3 Ba4 33.Rf3+ Kg8 34.Bc5 Bb5 35.Rf6 Bc4 36.Rf4 Bb5
37.Rf6 Bc4 38.a4 Bb3 39.b5 axb5 40.axb5 Kg7 41.Rf4 e5 42.Rf3 Bd5 43.Ra3 Rd7
44.b6 Kf6 45.Be3 Ke6 46.Rc3 Bb7 47.f3 Rf7 48.Rc5 Rd7 49.Kf2 Rd5 50.Rc3 Rd7
51.Rc1 Rd3 52.Rc7 Rd7 53.Rc3 Rd6 54.Kg3 e4 55.Rc7 Rd7 56.Rxd7 Kxd7 57.f4 Ke6
58.Kh4 h6 59.f5+ gxf5 60.Bxh6 Ke5 61.Kg3 Kf6 62.Be3 Ba8 63.Kf4 Bb7 64.g3 Bc8
65.Bd4+ Ke6 66.h4 Kf7 67.h5 Kg8 68.Ke5 Kh7 69.Be3  1-0

[Event "TCh-LTU 2017"]
[Site "Lithuania LTU"]
[Date "2017.01.28"]
[Round "1.3"]
[White "Stauskas,Lukas"]
[Black "Ruksenas,Romas"]
[Result "1/2-1/2"]
[WhiteElo "2272"]
[BlackElo "1924"]

1.d4 c5 2.d5 Nf6 3.c4 e6 4.Nc3 exd5 5.cxd5 d6 6.Nf3 g6 7.g3 Bg7 8.Bg2 O-O
9.O-O a6 10.a4 Re8 11.Nd2 Nbd7 12.h3 Qc7 13.Nc4 Nb6 14.Ne3 Bd7 15.a5 Nc8
16.Nc4 Bb5 17.Qb3 Bxc4 18.Qxc4 b5 19.axb6 Nxb6 20.Qd3 c4 21.Qc2 Nfd7 22.Be3 Nc5
23.Rfd1 f5 24.Ra3 Nb3 25.Na4 Nxa4 26.Rxb3 Rxe3 27.fxe3 Qc5 28.Rb7 Qxe3+ 29.Kh2 Nc5
30.Rxg7+ Kxg7 31.Qxc4 Re8 32.b4 Ne4 33.Qd4+ Qxd4 34.Rxd4 Kf6 35.Rc4 Nd2 36.Rc6 Rxe2
37.Rxd6+ Ke7 38.Re6+ Rxe6 39.dxe6 Kxe6 40.Bb7 Kd6 41.Bxa6 Nf3+ 42.Kh1 Nd4
43.Bc4 Nc2 44.b5 Kc5 45.Bg8 h6 46.Bh7 Nd4 47.Bxg6 Kxb5 48.Kg2 Kc5 49.g4 fxg4
50.hxg4  1/2-1/2

[Event "TCh-BEL 2016-17"]
[Site "Belgium BEL"]
[Date "2017.01.29"]
[Round "6.5"]
[White "Koch,T1"]
[Black "Tan,Mat"]
[Result "1/2-1/2"]
[WhiteElo "2468"]
[BlackElo "2430"]

1.d4 Nf6 2.c4 e6 3.Nf3 c5 4.d5 exd5 5.cxd5 d6 6.Nc3 g6 7.Nd2 Bg7 8.e4 O-O
9.Be2 Na6 10.O-O Nc7 11.Rb1 a6 12.a3 Re8 13.Qc2 Bd7 14.b4 cxb4 15.Rxb4 Rc8
16.Qa2 b5 17.Bd3 Ng4 18.Rb3 Na8 19.Bb2 Nb6 20.Ne2 Ne5 21.Bb1 Nbc4 22.Bd4 Qa5
23.Nxc4 Nxc4 24.Bxg7 Kxg7 25.Rd1  1/2-1/2

[Event "76th ch-GEO 2017"]
[Site "Tbilisi GEO"]
[Date "2017.01.30"]
[Round "9.2"]
[White "Beradze,I"]
[Black "Pantsulaia,L"]
[Result "1-0"]
[WhiteElo "2460"]
[BlackElo "2607"]

1.d4 Nf6 2.c4 c5 3.d5 e6 4.Nf3 d6 5.Nc3 exd5 6.cxd5 g6 7.Bf4 Bg7 8.h3 O-O
9.e3 Na6 10.Bc4 Nc7 11.O-O Re8 12.Nd2 a6 13.a4 b6 14.Bb3 Rb8 15.Nc4 Bf8 16.Qf3 h6
17.Bc2 Nh5 18.Bh2 b5 19.axb5 axb5 20.Na5 Qf6 21.Qd1 Rb6 22.Ne4 Qxb2 23.Nc4 bxc4
24.Rb1 c3 25.Rxb2 cxb2 26.Nxc5 Nxd5 27.Na4 Rb5 28.e4 Nb6 29.Nxb6 Rxb6 30.g4 Ba6
31.Re1 Ng7 32.Bf4 Ne6 33.Be3 Rb4 34.Qd2 Reb8 35.Bb1 g5 36.h4 Be7 37.Kg2 Rb3
38.hxg5 hxg5 39.Rh1 R8b4 40.Qd5 Bc8 41.Bd2 Rb7 42.Rh5 R3b5 43.Qd3 Bf6 44.e5 dxe5
45.Rh8+ Bxh8 46.Qh7+ Kf8 47.Qxh8+ Ke7 48.Qxc8 Rc7 49.Bxg5+ f6 50.Qa6 Rb3
51.Be3 Rc1 52.Bf5 Nc7 53.Qa4 Rb5 54.Qa3+  1-0

[Event "Turkish Cup 2017"]
[Site "Antalya TUR"]
[Date "2017.01.31"]
[Round "5.26"]
[White "Karakurt,Fahri"]
[Black "Gunduz,Umut Erdem"]
[Result "0-1"]
[WhiteElo "1856"]
[BlackElo "1975"]

1.d4 Nf6 2.c4 c5 3.d5 e6 4.Nc3 exd5 5.cxd5 d6 6.Nf3 g6 7.Bf4 a6 8.a4 Bg7
9.h3 O-O 10.e3 Re8 11.Nd2 Nh5 12.Bh2 f5 13.Be2 f4 14.e4 Qg5 15.Bxh5 gxh5
16.Qf3 Be5 17.O-O Nd7 18.Nc4 Rf8 19.Kh1 Rf6 20.Ne2 Rb8 21.a5 Nf8 22.Nxe5 dxe5
23.Qc3 Ng6 24.f3 Nh4 25.Rf2 Bd7 26.Qxc5 Rc8 27.Qe7 Bb5 28.Nc3 Re8 29.Qxb7 Rf7
30.Qb6 Rf6 31.Qc5 Bd7 32.Rd1 Rg6 33.Rdd2 Kh8 34.d6 Reg8 35.Nd5 Rc8 36.Nc7 Rcg8
37.Nxa6 Qf6 38.Nc7 Qg7 39.Qd5 Bxh3 40.Qxg8+ Qxg8 41.gxh3 Qd8 42.d7 Rc6 43.Nb5 Rc5
44.Na7 Rc7 45.Nb5 Rxd7 46.Rxd7 Qxd7 47.Nc3 Qc7 48.a6 Qb6 49.Bg1 Qxa6 50.b4 Qd3
51.Nd5 Nxf3 52.Rg2 Nh4  0-1

[Event "Open ch-Paracin 2017"]
[Site "Paracin SRB"]
[Date "2017.02.04"]
[Round "6.8"]
[White "Popovic,Dj1"]
[Black "Jakovljevic,Dejan"]
[Result "1-0"]
[WhiteElo "2283"]
[BlackElo "2056"]

1.d4 Nf6 2.c4 c5 3.d5 e6 4.Nc3 exd5 5.cxd5 d6 6.Nf3 g6 7.e4 Bg7 8.Be2 O-O
9.O-O a6 10.a4 Bg4 11.Bf4 Nh5 12.Bg5 Qc7 13.h3 Bxf3 14.Bxf3 Nf6 15.Be2 Re8
16.Qc2 Nfd7 17.Kh1 f6 18.Be3 Ne5 19.f4 Nf7 20.h4 Qe7 21.Rf3 Nh6 22.Bd3 Ng4
23.Bg1 Nd7 24.Rg3 h5 25.e5 fxe5 26.f5 gxf5 27.Bxf5 Rf8 28.Be6+ Kh8 29.Ne4 Ndf6
30.Ng5 e4 31.Rf1 b5 32.Rf5 Nh6 33.Rf4 Nhg4 34.Rxe4 Nxe4 35.Qxe4 Bh6 36.Qg6 Bxg5
37.hxg5 Qe8 38.Qe4 Qe7 39.Rh3 Nf2+ 40.Bxf2 Qxg5 41.Qe2 Qc1+ 42.Kh2 Rf6 43.Qxh5+ Kg7
44.Rg3+ Kf8 45.Rg8+ Ke7  1-0

[Event "TCh-CZE 1 Liga Zapad"]
[Site "Czech Republic CZE"]
[Date "2017.02.05"]
[Round "7.1"]
[White "Kabelka,Ondrej"]
[Black "Purnoch,J"]
[Result "1/2-1/2"]
[WhiteElo "2036"]
[BlackElo "2155"]

1.d4 Nf6 2.c4 c5 3.d5 e6 4.Nc3 exd5 5.cxd5 d6 6.Nf3 g6 7.e4 Bg7 8.h3 O-O
9.Bd3 Nbd7 10.O-O Nh5 11.Bg5 Bf6 12.Be3 Re8 13.Qc2 Ne5 14.Nxe5 Bxe5 15.f4 Bg7
16.g4 Nf6 17.Qg2 a6 18.a4 Nxe4 19.Nxe4 f5 20.gxf5 gxf5 21.Bd2 fxe4 22.Bc3 Re7
23.Bf6 Bxh3 24.Qg5 h6 25.Bxe7 hxg5 26.Bxd8 Rxd8 27.Bxe4 Bxf1 28.Rxf1 gxf4
29.b3 Be5 30.Kf2 b5 31.Bd3 Rb8 32.axb5 axb5 33.Kf3 b4 34.Ke4 Ra8 35.Rf2 Ra3
36.Bc4 Ra1 37.Kf5 Rg1 38.Ra2 Rg3 39.Rf2 Kg7 40.Rf1 Rh3 41.Rf2 Kh6 42.Rg2 Rh1
43.Rg6+ Kh7 44.Rg2 Rh3 45.Rf2 Rh5+ 46.Kg4 Kh6 47.Rg2 Rh1 48.Kf5 Rc1 49.Rh2+ Kg7
50.Rg2+ Kf7 51.Rh2 Rc3 52.Rf2 Ke7 53.Rf1 Kd7 54.Ke4 Re3+ 55.Kf5 Kc7 56.Rc1 Kb6
57.Rb1 Rh3 58.Ke4 Rg3 59.Rc1 Re3+ 60.Kf5 f3 61.Rf1 Bd4 62.Kf4 f2 63.Rxf2 Rxb3
64.Bxb3 Bxf2 65.Ke4 Kb5 66.Kd3 Bg1 67.Bc4+ Ka4 68.Kc2 Bh2 69.Bb3+ Ka3 70.Bc4 Be5
71.Bb3 Bf6 72.Bc4 b3+ 73.Bxb3 Kb4  1/2-1/2

[Event "Rishon Lezion Winter IM"]
[Site "Rishon LeZion ISR"]
[Date "2017.02.06"]
[Round "6.4"]
[White "Zanan,E"]
[Black "Lahav,Michal"]
[Result "1-0"]
[WhiteElo "2422"]
[BlackElo "2223"]

1.d4 Nf6 2.c4 e6 3.Nc3 c5 4.d5 exd5 5.cxd5 d6 6.Nf3 g6 7.Nd2 Bg7 8.e4 O-O
9.Be2 a6 10.a4 Nbd7 11.O-O Re8 12.Re1 Rb8 13.Ra3 Qc7 14.Qc2 h5 15.Nf1 Nh7
16.Be3 Ne5 17.h3 Qe7 18.f4 Nd7 19.Bf3 Qh4 20.Qd2 b5 21.axb5 axb5 22.Ra5 b4
23.Nb5 Qf6 24.b3 Rb6 25.Rc1 Qe7 26.Qa2 Nhf6 27.Re1 Nh7 28.Nd2 Qh4 29.Rf1 Nhf6
30.Nc7 Re7 31.Ra8 Nb8 32.Nc4 Rb7 33.Na6 Ra7 34.Rxb8 Re8 35.Rb6 Nd7 36.Rxd6 Nb8
37.Bxc5 Rxa6 38.Rxa6 Bxa6 39.Be3 f5 40.e5 Bf8 41.d6 Kh7 42.Qa5 Kh6 43.Rd1 Bc8
44.Bf2 Qd8 45.Qxd8 Rxd8 46.Bh4 Re8 47.Nb6 Be6 48.Bd5 Nd7 49.Bxe6 Nxb6 50.d7 Bc5+
51.Kh1  1-0

[Event "TCh-CAT Gp2 2017"]
[Site "Barcelona ESP"]
[Date "2017.02.11"]
[Round "4.9"]
[White "Nazarenus,M"]
[Black "Lopez Santana,O"]
[Result "1-0"]
[WhiteElo "2221"]
[BlackElo "2121"]

1.d4 e6 2.Nf3 Nf6 3.c4 c5 4.d5 exd5 5.cxd5 d6 6.Nc3 g6 7.g3 Bg7 8.Bg2 O-O
9.O-O a6 10.a4 Qc7 11.Bf4 Nbd7 12.Nd2 Nh5 13.Nc4 Nxf4 14.gxf4 f5 15.Qc2 b6
16.Rfc1 Rb8 17.Na3 Nf6 18.e3 Re8 19.Rab1 Bd7 20.Bf1 Ra8 21.Bd3 Kh8 22.b3 Bc8
23.b4 Bb7 24.Qb3 Rab8 25.bxc5 Qxc5 26.Ncb5 Qxd5 27.Qxd5 Bxd5 28.Nc7 Red8
29.Nxa6 Ra8 30.Rxb6 Be4 31.Be2 Nd5 32.Rb3 Rdc8 33.Rxc8+ Rxc8 34.Rb8 Rxb8
35.Nxb8 Nc3 36.Bb5 Nxb5 37.Nxb5 Bd3 38.Nd4 d5 39.a5 Bf8 40.a6 Bc5 41.Ndc6 Bb5
42.a7  1-0

[Event "1st Marcel Duchamp Cup"]
[Site "Montevideo URU"]
[Date "2017.02.12"]
[Round "6.5"]
[White "Roselli Mailhe,B"]
[Black "Muniz,R"]
[Result "1/2-1/2"]
[WhiteElo "2420"]
[BlackElo "2292"]

1.d4 Nf6 2.c4 e6 3.Nf3 c5 4.d5 exd5 5.cxd5 d6 6.Nc3 g6 7.Bf4 Bg7 8.e3 O-O
9.h3 Nh5 10.Bh2 f5 11.Be2 f4 12.O-O fxe3 13.fxe3 Bh6 14.Qd3 b6 15.Nd2 Nf6
16.Nde4 Nxe4 17.Nxe4 Bf5 18.Bg4 Qe7 19.Bxd6 Qxd6 20.Bxf5 Qe5 21.Be6+ Kh8
22.Rxf8+ Bxf8 23.Rf1 Bh6 24.h4 c4 25.Qd4 Qxd4 26.exd4 Na6 27.d6 Be3+ 28.Kh1 Bxd4
29.Ng5 h6 30.Nf7+ Kg7 31.d7 Bf6 32.Bd5 Rf8 33.Rxf6 Kxf6 34.Bxc4 b5 35.Bb3 Ke7
36.d8=Q+ Rxd8 37.Nxd8 Kxd8 38.Bc2 g5 39.hxg5 hxg5 40.Kh2 Nc5 41.Kg3 Ke7 42.b4 Ne6
43.Bd3 Nd4 44.Kg4 Kf6 45.g3 Nc6 46.Bxb5 Nxb4 47.Bc4 Ke5  1/2-1/2

[Event "1st Marcel Duchamp Cup"]
[Site "Montevideo URU"]
[Date "2017.02.13"]
[Round "7.11"]
[White "Saralegui,M"]
[Black "Oddone,C"]
[Result "0-1"]
[WhiteElo "2108"]
[BlackElo "2235"]

1.d4 Nf6 2.c4 e6 3.Nf3 c5 4.d5 exd5 5.cxd5 d6 6.Nc3 g6 7.Bf4 Bg7 8.e3 O-O
9.h3 a6 10.a4 Qb6 11.Qd2 Bf5 12.a5 Qc7 13.Be2 Ne4 14.Nxe4 Bxe4 15.O-O Bxf3
16.Bxf3 Nd7 17.Be2 Rfb8 18.Ra3 b5 19.axb6 Rxb6 20.b3 Rb4 21.Qa2 a5 22.Rc1 Qb6
23.Rc4 Be5 24.Bh6 Rxc4 25.Bxc4 Qb4 26.g3 Nb6 27.Kg2 Nxc4 28.bxc4 a4 29.e4 Bb2
30.Rd3 a3 31.Bf4 Qb6 32.Bd2 Kg7 33.Rb3 Qa6 34.Rb5 Qa4 35.Bf4 Qc2 36.Bxd6 Qxe4+
37.Kh2 Rc8 38.Bf4 Qe2 39.Be3 Re8 40.Bxc5 Qf3 41.Rxb2 Re1 42.Bd4+ Kh6 43.Be3+ Kg7
44.Bd4+ Kh6 45.Be3+ g5 46.Rb6+ f6 47.Bxg5+ Kg7 48.Bxf6+ Kf7 49.Rb7+ Kxf6
50.Rb6+ Kf7 51.Rb7+ Ke8 52.Rb8+ Kd7 53.Rb7+  0-1

[Event "Kragero Resort Chess 2017"]
[Site "Kragero NOR"]
[Date "2017.02.23"]
[Round "2.11"]
[White "Gonzalez,Francisco Silva"]
[Black "Sebastian,Andreas"]
[Result "1-0"]
[WhiteElo "2028"]
[BlackElo "1859"]

1.d4 Nf6 2.c4 c5 3.d5 e6 4.Nc3 exd5 5.cxd5 d6 6.Nf3 g6 7.Bf4 Bg7 8.h3 a6
9.a4 O-O 10.e3 Ne8 11.Be2 f5 12.O-O Nd7 13.Re1 b6 14.Qb3 Ndf6 15.Nd2 Rb8
16.Rad1 Qc7 17.Bg3 Kh8 18.e4 Nxe4 19.Ndxe4 fxe4 20.Bf1 Nf6 21.Nxe4 Nxe4 22.Rxe4 Bf5
23.Re2 b5 24.Rde1 bxa4 25.Qxa4 Bxb2 26.Rxb2 Rxb2 27.Qa1 Rb8 28.Re2 Qg7 29.Be5 Qxe5
30.Rxe5 dxe5 31.Kh2 Kg8 32.d6 Kf7 33.Qxa6 R2b6 34.Qc4+ Be6 35.Qxc5 Kf6 36.f4 exf4
37.h4 h6 38.Qd4+ Kf7 39.Qxf4+ Ke8 40.Qf6  1-0

[Event "ch-URU Semi-Final 2017"]
[Site "Montevideo URU"]
[Date "2017.02.24"]
[Round "1.21"]
[White "Suarez,Pedro"]
[Black "Dominguez,Facundo"]
[Result "0-1"]
[WhiteElo "1785"]
[BlackElo "2086"]

1.d4 Nf6 2.c4 c5 3.d5 e6 4.Nc3 exd5 5.cxd5 d6 6.Nf3 g6 7.Bf4 a6 8.a4 Bg7
9.h3 O-O 10.e3 Re8 11.Be2 Bf5 12.Nd2 Ne4 13.Ndxe4 Bxe4 14.Bf3 Bxf3 15.Qxf3 Qe7
16.Qg3 Bf8 17.O-O Nd7 18.Rfd1 Ne5 19.Bxe5 Qxe5 20.Qxe5 Rxe5 21.Rab1 Rc8 22.Ne2 Re4
23.b3 Bg7 24.Ng3 Rb4 25.Nf1 b5 26.a5 c4 27.bxc4 Rxb1 28.Rxb1 bxc4 29.e4 c3
30.Ne3 Rc5 31.Ra1 Bf6 32.g3 Kg7 33.Kf1 Bd8 34.Ke2 Rxa5 35.Rxa5 Bxa5 36.Kd3 Bb4
37.Nd1 f5 38.exf5 gxf5 39.Nxc3 Bc5 40.f4 h5 41.Kc4 h4 42.gxh4 Kh6 43.Ne2 Bf2
44.Kb4 Kh5 45.Ka5 Kxh4 46.Kxa6 Kxh3 47.Kb5 Kg4 48.Kc4 Kf3 49.Kd3 Be3 50.Nc3 Bxf4
51.Nb5 Kg4 52.Nd4 Bh2 53.Ne2 f4 54.Nc3 f3 55.Ne4 Bf4 56.Nf2+ Kg3 57.Nd1 Kg2
58.Ke4 Bh6  0-1

[Event "Zonal 3.3 2017"]
[Site "Tagaytay City PHI"]
[Date "2017.02.25"]
[Round "1.8"]
[White "Abelgas,Roe"]
[Black "Goh Weiming"]
[Result "1/2-1/2"]
[WhiteElo "2318"]
[BlackElo "2457"]

1.d4 Nf6 2.c4 e6 3.Nf3 c5 4.d5 exd5 5.cxd5 d6 6.Nc3 g6 7.g3 Bg7 8.Bg2 O-O
9.O-O Re8 10.Nd2 a6 11.a4 Nbd7 12.Nc4 Ne5 13.Nxe5 Rxe5 14.e4 Rb8 15.f4 Re7
16.e5 Ne8 17.e6 fxe6 18.dxe6 Bxe6 19.Nd5 Rf7 20.Re1 Bd4+ 21.Kh1 Ng7 22.a5 Rf5
23.Nb6 Rf7 24.Ra4 Qf8 25.Rxd4 cxd4 26.b4 Re8 27.Re4 d3 28.Qxd3 Bf5 29.Nd5 Rxe4
30.Bxe4 Qc8 31.Bb2 Qc6 32.Kg1 Kf8 33.Bxg7+ Kxg7 34.Qd4+ Kh6 35.Bxf5 Rxf5
36.Ne3 d5 37.Nxf5+ gxf5 38.Qe5 Kg6 39.Qe7 h6 40.Qd8 Kf7 41.Kg2 d4+ 42.Kh3 Qe4
43.Qd7+ Kf6 44.Qd6+ Kf7 45.Qd7+ Kf6 46.Qd6+ Kg7 47.Qd7+ Kg6 48.Qd6+ Kg7  1/2-1/2

[Event "ch-LTU 2017"]
[Site "Vilnius LTU"]
[Date "2017.03.03"]
[Round "9.15"]
[White "Ceponis,Tadas"]
[Black "Eigminas,Kipras"]
[Result "1/2-1/2"]
[WhiteElo "2117"]
[BlackElo "1815"]

1.c4 Nf6 2.Nc3 e6 3.d4 c5 4.d5 exd5 5.cxd5 d6 6.Nf3 g6 7.e4 Bg7 8.Nd2 O-O
9.Be2 Re8 10.O-O b6 11.a4 Ba6 12.Bb5 Bxb5 13.axb5 a5 14.Re1 Nbd7 15.Nc4 Ne5
16.Nxe5 Rxe5 17.Bf4 Re7 18.Qf3 Ne8 19.Bg5 f6 20.Bh4 Qd7 21.Qd3 Rf7 22.Re2 Nc7
23.f4 h5 24.Bg3 Raf8 25.Rae1 g5 26.e5 fxe5 27.fxe5 Rf5 28.e6 Qe7 29.Ne4 Rxd5
30.Qxd5 Nxd5 31.Bxd6 Qxe6 32.Bxf8 Nf4 33.Rd2 Bxf8 34.g3 Nd5 35.Rxd5 Be7 36.Rdd1 c4
37.Nxg5 Bc5+ 38.Kg2 Qc8 39.Re6 a4 40.Rde1 Qb7+ 41.R1e4 a3 42.bxa3 c3 43.Rg6+ Kh8
44.Rc6 c2 45.Rc4 Be3 46.Nf3 c1=Q 47.Rxc1 Bxc1 48.Rxc1 Qd5 49.Re1 Qxb5 50.Re5 Qb2+
51.Kh3 Qxa3 52.Rxh5+ Kg7 53.Nd4 Qd3 54.Ne6+ Kg8 55.Nf4 Qd7+ 56.g4 b5 57.Nd5 Qd6
58.Rg5+ Kf7 59.Rf5+ Kg7 60.Rg5+ Kf7 61.Rf5+ Kg7 62.Ne3 Qd3 63.Rf3 Kg6 64.Kg3 Qd6+
65.Kg2 Qd2+ 66.Kg3 Qd6+ 67.Kg2 Qd2+ 68.Kg3  1/2-1/2

[Event "FSIM March 2017"]
[Site "Budapest HUN"]
[Date "2017.03.04"]
[Round "1.4"]
[White "Ilincic,Z"]
[Black "Bach,Mat"]
[Result "1-0"]
[WhiteElo "2397"]
[BlackElo "2211"]

1.d4 Nf6 2.c4 c5 3.d5 e6 4.Nf3 exd5 5.cxd5 d6 6.Nc3 g6 7.g3 Bg7 8.Bg2 O-O
9.O-O a6 10.a4 Re8 11.Nd2 Nbd7 12.a5 b5 13.axb6 Nxb6 14.Nb3 Bd7 15.Na5 Bb5
16.Re1 Qc7 17.Bd2 Nfd7 18.b3 f5 19.Qc2 Nf6 20.Rad1 Nbd7 21.Nc6 Ne5 22.Nxb5 axb5
23.Nd4 Qa7 24.Nxb5 Qb6 25.Nc3 Ra3 26.Rb1 Rb8 27.e4 fxe4 28.Bxe4 Nxe4 29.Qxe4 Qb4
30.Kg2 Rxb3 31.Rxb3 Qxe4+ 32.Nxe4 Rxb3 33.Nxd6 Rd3 34.Bf4 Rxd5 35.Bxe5 Rxe5
36.Rb1 Bf8 37.Rb8 Kg7 38.Nc4 Re4 39.Ne3 Bd6 40.Rd8 Rd4 41.Rd7+ Kg8 42.Ra7 Bf8
43.f4 Rd2+ 44.Kf3 Bg7 45.h4 h5 46.Ra6 Bd4 47.Nc4 Rd3+ 48.Kg2 Kg7 49.Rc6 Rc3
50.Nd6 Rc2+ 51.Kf3 Rc3+ 52.Kg2 Rc2+ 53.Kh3 Bg1 54.g4 hxg4+ 55.Kxg4 Rg2+ 56.Kf3 Rf2+
57.Kg3 Rc2 58.Ne4 Bd4 59.Ng5 Bf2+ 60.Kg4 Rc3 61.Ne4 Rc2 62.Kg5 Bd4 63.Rc7+ Kf8
64.Kxg6 Rg2+ 65.Ng5 Rg4 66.Kh5 Rg1 67.f5 Ke8 68.Ne6 Rf1 69.Kg4 Rg1+ 70.Kh5 Rf1
71.Kg6 Rg1+ 72.Ng5 Rg4 73.Rh7 Rf4 74.h5 Rg4 75.f6 Be3 76.Re7+  1-0

[Event "TCh-CZE 1 Liga Vychod"]
[Site "Czech Republic CZE"]
[Date "2017.03.05"]
[Round "9.6"]
[White "Rojicek,V"]
[Black "Klima,L"]
[Result "1/2-1/2"]
[WhiteElo "2406"]
[BlackElo "2340"]

1.d4 Nf6 2.c4 e6 3.Nf3 c5 4.d5 exd5 5.cxd5 d6 6.Nc3 g6 7.Nd2 Bg7 8.e4 O-O
9.Be2 Na6 10.O-O Nc7 11.a4 b6 12.Re1 Re8 13.Bb5 Bd7 14.Bf1 Qe7 15.Nc4 Ng4
16.Bf4 Ne5 17.Bxe5 Bxe5 18.Nxe5 Qxe5 19.Qd2 f5  1/2-1/2

[Event "33rd ChessOrg Open"]
[Site "Bad Woerishofen GER"]
[Date "2017.03.10"]
[Round "1.6"]
[White "Pirrot,D"]
[Black "Schweizer,Ma"]
[Result "1-0"]
[WhiteElo "2357"]
[BlackElo "2038"]

1.d4 Nf6 2.c4 c5 3.d5 e6 4.Nc3 exd5 5.cxd5 d6 6.Nf3 g6 7.Bf4 Bg7 8.Qa4+ Bd7
9.Qb3 Qc7 10.Nd2 Nh5 11.Bg5 h6 12.Bh4 g5 13.g4 gxh4 14.gxh5 O-O 15.e3 Bg4
16.Be2 Bxe2 17.Kxe2 a6 18.Rag1 Qe7 19.Nc4 Kh8 20.Rg2 f5 21.Rhg1 Rf7 22.Nxd6 Qxd6
23.Rxg7 Rxg7 24.Rxg7 Kxg7 25.Qxb7+ Qd7 26.Qxa8 Qb5+ 27.Ke1 Qxb2 28.Qa7+  1-0

[Event "33rd ChessOrg Open"]
[Site "Bad Woerishofen GER"]
[Date "2017.03.11"]
[Round "2.24"]
[White "Hamlack,H"]
[Black "Cebalo,M"]
[Result "1/2-1/2"]
[WhiteElo "2016"]
[BlackElo "2330"]

1.d4 Nf6 2.c4 c5 3.d5 e6 4.Nc3 exd5 5.cxd5 d6 6.Nf3 g6 7.Bf4 a6 8.a4 Bg7
9.h3 O-O 10.e3 Re8 11.Be2 Ne4 12.Nxe4 Rxe4 13.Nd2 Rb4 14.O-O Bxb2 15.Ra2 Be5
16.Bxe5 dxe5 17.Nc4 Nd7 18.Qc2 Nb6 19.Nxb6 Qxb6 20.Rc1 Bf5 21.Qc3 Rb1 22.a5 Qb4
23.Kh2 Rxc1 24.Qxc1 b5 25.axb6 Qxb6 26.Qc4 a5 27.e4 Bd7 28.Qc3 Qc7 29.d6 Qxd6
30.Rxa5 Rxa5 31.Qxa5 Be6 32.Qb5 Qd4 33.Bg4 Bxg4 34.hxg4 Kg7 35.f3 h6 36.Qb8 c4
37.Qc7 Kf6 38.g3 Qf2+ 39.Kh3 Qxf3 40.Qd6+ Kg7 41.Qxe5+ Kh7 42.Kh2 c3  1/2-1/2

[Event "33rd ChessOrg Open"]
[Site "Bad Woerishofen GER"]
[Date "2017.03.15"]
[Round "6.7"]
[White "Schaefer,Mi1"]
[Black "Cebalo,M"]
[Result "1/2-1/2"]
[WhiteElo "2198"]
[BlackElo "2330"]

1.d4 Nf6 2.c4 c5 3.d5 e6 4.Nc3 exd5 5.cxd5 d6 6.Nf3 g6 7.Bf4 Bg7 8.h3 O-O
9.e3 Na6 10.Be2 Nc7 11.a4 a6 12.O-O Rb8 13.a5 b5 14.axb6 Rxb6 15.Ra2 Re8
16.Bg5 h6 17.Bh4 Bb7 18.Nd2 Rb4 19.e4 Nb5 20.Bxb5 axb5 21.f3 g5 22.Bf2 Nh5
23.Nb3 Be5 24.Nc1 Qf6 25.Nd3 Rd4 26.Ne2 Bxd5 27.exd5 Rxd5 28.Qc2 Qg6 29.g4 Qxd3
30.Qxd3 Rxd3 31.gxh5 Rxf3 32.Kg2 Rb3 33.Ng3 b4 34.Nf5 Re6 35.Bg3 Rxb2+ 36.Rxb2 Bxb2
37.Bxd6 Bc3 38.Bxc5 b3 39.Nd4 Bxd4 40.Bxd4  1/2-1/2

[Event "33rd ChessOrg Open"]
[Site "Bad Woerishofen GER"]
[Date "2017.03.16"]
[Round "7.40"]
[White "Kuempers,U"]
[Black "Deues,E"]
[Result "1-0"]
[WhiteElo "1974"]
[BlackElo "2069"]

1.d4 Nf6 2.c4 e6 3.Nf3 c5 4.d5 exd5 5.cxd5 d6 6.Nc3 g6 7.e4 Bg7 8.Be2 O-O
9.O-O Re8 10.Nd2 b6 11.a4 Na6 12.Bb5 Re7 13.Re1 Nb4 14.Bf1 Ng4 15.Nc4 Bd4
16.Ne3 h5 17.h3 Nxe3 18.Bxe3 Bxe3 19.Rxe3 a6 20.Qd2 Re8 21.Rd1 Ra7 22.f4 Qf6
23.Qf2 Rae7 24.e5 dxe5 25.Ne4 Qxf4 26.Nf6+ Kf8 27.Rf3 Qh6 28.d6 Ra7 29.d7  1-0

[Event "ch-MGL 2017"]
[Site "Dadal MGL"]
[Date "2017.03.19"]
[Round "3.1"]
[White "Batsuren,Dambasuren"]
[Black "Altanbayar,Tserenpeljee"]
[Result "1-0"]
[WhiteElo "2194"]
[BlackElo "1952"]

1.d4 Nf6 2.c4 e6 3.Nf3 c5 4.d5 exd5 5.cxd5 d6 6.Nc3 g6 7.e4 Bg7 8.h3 O-O
9.Bd3 b5 10.Bxb5 Nxe4 11.Nxe4 Qa5+ 12.Nfd2 Qxb5 13.Nxd6 Qa6 14.N2c4 Nd7 15.Be3 Nb6
16.Rc1 Rd8 17.O-O Nxc4 18.Nxc4 Be6 19.dxe6 Rxd1 20.exf7+ Kxf7 21.Rfxd1 Bd4
22.Bxd4 cxd4 23.Rxd4 Qxa2 24.Rd7+ Kg8 25.Ne3 Qxb2 26.Rcc7 Qa1+ 27.Kh2 h5
28.Nd5 g5 29.Rc6 Qe5+ 30.f4 Qe1 31.Rg6+ Kf8 32.Rh6 Qa1 33.Nf6  1-0

[Event "Norberto La Porta Cup"]
[Site "Buenos Aires ARG"]
[Date "2017.03.25"]
[Round "1.10"]
[White "Real de Azua,E"]
[Black "Figueroa,Jose Leonardo"]
[Result "1-0"]
[WhiteElo "2478"]
[BlackElo "1909"]

1.d4 Nf6 2.c4 c5 3.d5 e6 4.Nc3 exd5 5.cxd5 d6 6.Nf3 g6 7.Bf4 Bg7 8.Qa4+ Bd7
9.Qb3 Qc7 10.e4 O-O 11.Nd2 Nh5 12.Be3 f5 13.exf5 gxf5 14.Be2 Be8 15.Nf3 f4
16.Bd2 Qe7 17.O-O Nd7 18.Rfe1 Ne5 19.Ne4 b5 20.Bc3 a5 21.Nxe5 Bxe5 22.Bxh5 Bxh5
23.Nxd6 a4 24.Qxb5 Qxd6 25.Rxe5 Be8 26.Qb7 Qg6 27.Qxa8 f3 28.g3 Qg4 29.Rxe8  1-0

[Event "CCCSA GpB IM 2017"]
[Site "Charlotte USA"]
[Date "2017.03.30"]
[Round "2.2"]
[White "Potula,Kapish"]
[Black "Ludwig,John G"]
[Result "0-1"]
[WhiteElo "2075"]
[BlackElo "2397"]

1.d4 Nf6 2.c4 c5 3.d5 e6 4.Nc3 exd5 5.cxd5 d6 6.Nf3 g6 7.Bg5 Bg7 8.e3 O-O
9.Nd2 a6 10.a4 Nbd7 11.Be2 Qe7 12.O-O Rb8 13.Qc2 h6 14.Bh4 g5 15.Bg3 Ne8
16.Bd3 Ne5 17.Bh7+ Kh8 18.Bf5 Bxf5 19.Qxf5 b5 20.axb5 axb5 21.f4 Nc4 22.Nxc4 bxc4
23.Nd1 Kg8 24.Rc1 Bxb2 25.Rxc4 Bg7 26.fxg5 Qxg5 27.Qxg5 hxg5 28.Rxc5 dxc5
29.Bxb8 Nf6 30.Be5 Nxd5 31.Bxg7 Kxg7 32.Rf5 Rd8 33.e4 Ne7 34.Rxg5+ Kf6 35.Rxc5 Rxd1+
36.Kf2 Ng6 37.Ra5 Kg7 38.Kf3 Rf1+ 39.Kg3 Rf4 40.Ra4 Kh6 41.Ra7 f6 42.Ra6 Kg5
43.h4+ Rxh4 44.e5 Nxe5 45.Ra8 Rb4 46.Ra3 f5 47.Rc3 Re4 48.Kf2 Kf4 49.Rc2 Ng4+  0-1

[Event "Zonal 2.5 2017"]
[Site "Villa Martelli ARG"]
[Date "2017.04.05"]
[Round "6.12"]
[White "Dolezal,C"]
[Black "Kapitanchuk,Tomas"]
[Result "1/2-1/2"]
[WhiteElo "2401"]
[BlackElo "2095"]

1.d4 Nf6 2.c4 c5 3.d5 e6 4.Nc3 exd5 5.cxd5 d6 6.Nf3 g6 7.Bf4 a6 8.a4 Bg7
9.h3 O-O 10.e3 Qe7 11.Bd3 Nbd7 12.O-O Rb8 13.Re1 Ne8 14.e4 Ne5 15.Bxe5 Bxe5
16.Nxe5 Qxe5 17.Qd2 g5 18.Re3 Kh8 19.Rg3 Rg8 20.Nd1 Nf6 21.Ne3 b5 22.axb5 axb5
23.Ra7 c4 24.Bb1 Bd7 25.Nf1 Rbd8 26.Qb4 Nh5 27.Re3 Nf4 28.Nh2 Qd4 29.Raa3 Qf6
30.Ra6 Be8 31.Ng4 Qd4 32.Rxd6 Rxd6 33.Qxd6 Qd1+ 34.Kh2 Qf1 35.Qe5+ f6 36.Qxf6+ Rg7
37.Rg3 Ne2 38.Qf8+ Rg8 39.Qf6+ Rg7 40.Qf8+ Rg8  1/2-1/2

[Event "3rd Ordu Open 2017"]
[Site "Ordu TUR"]
[Date "2017.04.07"]
[Round "5.6"]
[White "Maghalashvili,Da"]
[Black "Tologontegin,S"]
[Result "1-0"]
[WhiteElo "2469"]
[BlackElo "2435"]

1.d4 Nf6 2.c4 c5 3.d5 e6 4.Nc3 exd5 5.cxd5 d6 6.Nf3 g6 7.h3 Qe7 8.Bf4 a6
9.a4 Bg7 10.e3 O-O 11.Bd3 Nbd7 12.O-O Ne8 13.e4 Rb8 14.a5 Nef6 15.Re1 Nh5
16.Bg5 Bf6 17.Be3 Ne5 18.Be2 Nxf3+ 19.Bxf3 Ng7 20.Na4 Be5 21.Qd2 f5 22.Bg5 Qc7
23.Nb6 fxe4 24.Bxe4 Bf5 25.Rac1 Bxe4 26.Rxe4 Rbe8 27.f4 Bf6 28.Rxe8 Nxe8
29.Re1 Ng7 30.Bxf6 Rxf6 31.g4 Rf7 32.Re4 Qd8 33.Kg2 h5 34.Qe1 Qf6 35.Nc4 Kf8
36.Qc3 Qd8 37.Kg3 Kg8 38.Qe3 Qf6 39.Qc3 Qd8 40.b3 Qf8 41.Qe1 Kh7 42.Qc3 Kg8
43.Qe3 Kh7 44.Qd3 Qd8 45.Qc3 Qf8 46.Nd2 hxg4 47.hxg4 Qh8 48.Kg2 Qf8 49.Qh3+ Kg8
50.Qh6 Qd8 51.Qxg6 Rf6 52.Qg5 Kf7 53.Nc4 Qd7 54.f5 Qd8 55.Re3 Qf8 56.Nb6 Qd8
57.Re6 Ne8 58.Qh5+ Kf8 59.g5 Rxf5 60.Qh8+  1-0

[Event "Karpos Open 2017"]
[Site "Skopje MKD"]
[Date "2017.04.07"]
[Round "8.9"]
[White "Stathopoulos,I"]
[Black "Cossin,S"]
[Result "1/2-1/2"]
[WhiteElo "2377"]
[BlackElo "2499"]

1.d4 Nf6 2.c4 e6 3.Nf3 c5 4.d5 exd5 5.cxd5 d6 6.Nc3 g6 7.h3 Bg7 8.e4 O-O
9.Bd3 b5 10.Bxb5 Nxe4 11.Nxe4 Qa5+ 12.Nfd2 Qxb5 13.Nxd6 Qa6 14.N2c4 Nd7 15.O-O Ne5
16.Nxc8 Qxc4 17.Ne7+ Kh8 18.b3 Qa6 19.Bb2 Qd6 20.f4 Nd7 21.Bxg7+ Kxg7 22.Qe2 Nf6
23.Qe5 Rfd8 24.Nc6 Rd7 25.Rad1 Qxe5 26.fxe5 Nxd5 27.Rf6 Rc8 28.Nxa7 Rxa7
29.Rxd5 c4 30.bxc4 Rxc4 31.Rf2 Rc1+ 32.Kh2 Re1 33.Rc2 Kf8 34.Kg3 Ke7 35.Kf4 Ra4+
36.Kf3 Ra7 37.Rb5 Ra1 38.Rbb2 Re1 39.Re2 Rxe2 40.Rxe2 Ke6 41.Ke4 h5 42.Kd4 h4
43.Kc5 Ra8 44.Kb4 Rb8+ 45.Kc3 Ra8 46.Kb2 Rb8+ 47.Ka1 Ra8 48.Re3 Kd5 49.Kb2 Kd4
50.Rf3 Kxe5 51.Rxf7 Rb8+ 52.Kc1 g5 53.Rf2 Ra8 54.Kb2 Rb8+ 55.Kc3 Ra8 56.Rb2 Rc8+
57.Kd3 Rd8+ 58.Kc2 Rc8+ 59.Kb1 Rc4 60.Rc2 Rb4+ 61.Kc1 g4 62.hxg4 Rxg4 63.Kb2 Kd6
64.Kb3 Rg3+ 65.Kb4 h3 66.gxh3 Rxh3 67.a4 Rh1 68.Kb5 Rb1+ 69.Ka6 Rb4 70.a5 Kd7
71.Ka7 Rb5 72.a6 Rb4 73.Rf2 Rb1 74.Rf7+ Kc8 75.Rb7 Rc1  1/2-1/2